Cercos y ocupación en la UASD / (Registro nro. 13780)

Detalles MARC
000 -LIDER
fixed length control field 01146nam a2200289 a 4500
001 - NÚMERO DE CONTROL
Identificador de número de control
003 - IDENTIFICACDOR DE NÚMERO DE CONTROL
control field DO-SdBNP
005 - DATE AND TIME OF LATEST TRANSACTION
control field 20211011091946.0
008 - ELEMENTOS DE LONGITUD FIJA
fixed length control field 110117s 2009 dr a 000 0 spa d
020 ## - ISBN
Canceled/invalid ISBN 97809450017785
040 ## - FUENTE DE CATALOGACIÓN
Agencia que crea de manera original el registro DO-SdBNP
Idioma de catalogación spa
Agencia que realiza la transcripción BPMSU
082 #4 - NÚMERO DE CLASIFICACIÓN DECIMAL DE DEWEY
Classification number 378.7293
Item number G633c 2009
Edition number 22
100 1# - ASIENTO PRINCIPAL -- NOMBRE PERSONAL
Nombre personal Gómez Gutiérrez, Sergia Antonia
245 10 - MENCIÓN DE TITULO
Título Cercos y ocupación en la UASD /
Mención de responsabilidad Sergia Antonia Gómez Gutiérrez, Juan Francisco Martínez Almánzar.
260 ## - PUBLICACIÓN, DISTRIBUCIÓN, ETC. (PIE DE IMPRENTA)
Lugar de publicación, distribución, etc Santo Domingo :
Nombre del editor, distribuidor, etc. 9 de octubre,
Fecha de publicación, distribución, etc 2009.
300 ## - DESCRIPCIÓN FÍSICA
Extensión iii, 274 p. :
Otros detalles físicos il. ;
Dimensiones 22 cm.
500 ## - NOTA GENERAL
Nota general Incluye datos biográficos de los autores en las solapas
504 ## - NOTA DE BIBLIOGRAFÍA, ETC.
Bibliography, etc Incluye referencias bibliográficas y notas al pie de páginas.
590 ## - NOTA LOCAL
Texto de la nota local Inventariado, 2021/V
610 24 - ENCABEZAMIENTO DE MATERIA--NOMBRE CORPORATIVO
Nombre corporativo o de jurisdicción Universidad Autónoma de Santo Domingo
Subdivisión temática general Historia
650 14 - ENCABEZAMIENTO DE MATERIA--TEMÁTICO
Término temático o nombre geográfico como elemento de entrada Universidades
Subdivisión geográfica República Dominicana
Subdivisión temática general Historia
Subdivisión de forma Ensayos, conferencias, etc.
650 #4 - ENCABEZAMIENTO DE MATERIA--TEMÁTICO
Término temático o nombre geográfico como elemento de entrada Estudiantes universitarios
Subdivisión temática general Actividad política
Subdivisión geográfica República Dominicana
651 #4 - ENCABEZAMIENTO DE MATERIA--NOMBRE GEOGRÁFICO
Nombre geográfico República Dominicana
Subdivisión temática general Presidente(1986-1990:
700 1# - ASIENTO SECUNDARIO -- NOMBRE PERSONAL
Nombre personal Martínez Almánzar, Juan Francisco
910 ## - VALIDACIÓN
Validación VMateo V.
942 ## - ADDED ENTRY ELEMENTS (KOHA)
Source of classification or shelving scheme Dewey Decimal Classification
Koha item type Libros
Existencias
Withdrawn status Lost status Source of classification or shelving scheme Damaged status Not for loan Collection code Home library Current library Date acquired Source of acquisition Total Checkouts Full call number Barcode Date last seen Price effective from Koha item type
    Dewey Decimal Classification     Colección Dominicana Biblioteca Pública Metropolitana Salomé Ureña Biblioteca Pública Metropolitana Salomé Ureña 10/11/2021 Compra   BPMSU CD 378.7293 C412o 2009 BPMSU21100074 10/11/2021 10/11/2021 Libros